The empirical status of Gottfredson and Hirschi's general theory of crime: a meta-analysis

Saved in:  
Bibliographic Details
Authors: Pratt, Travis C. (Author) ; Cullen, Francis T. 1951- (Author)
Format: Print Article
Language:English
Published: 2000
In: Criminology
Year: 2000, Volume: 38, Issue: 3, Pages: 931-964
Check availability: HBZ Gateway
Keywords:

MARC

LEADER 00000caa a22000002c 4500
001 1640079165
003 DE-627
005 20220608131038.0
007 tu
008 160223s2000 xx ||||| 00| ||eng c
035 |a (DE-627)1640079165 
035 |a (DE-576)456047433 
035 |a (DE-599)BSZ456047433 
040 |a DE-627  |b ger  |c DE-627  |e rakwb 
041 |a eng 
100 1 |a Pratt, Travis C.  |0 (DE-588)137111061  |0 (DE-627)58993449X  |0 (DE-576)184978777  |4 aut 
109 |a Pratt, Travis C.  |a Pratt, Travis Cameron 
245 1 4 |a The empirical status of Gottfredson and Hirschi's general theory of crime: a meta-analysis  |c Travis C. Pratt, Francis T. Cullen 
264 1 |c 2000 
336 |a Text  |b txt  |2 rdacontent 
337 |a ohne Hilfsmittel zu benutzen  |b n  |2 rdamedia 
338 |a Band  |b nc  |2 rdacarrier 
700 1 |a Cullen, Francis T.  |d 1951-  |0 (DE-588)138300895  |0 (DE-627)601108035  |0 (DE-576)164356282  |4 aut 
773 0 8 |i In  |t Criminology  |d Hoboken, NJ : Wiley, 1970  |g 38(2000), 3, Seite 931-964  |w (DE-627)129888508  |w (DE-600)301688-2  |w (DE-576)015191346  |x 0011-1384  |7 nnas 
773 1 8 |g volume:38  |g year:2000  |g number:3  |g pages:931-964 
776 1 |o 10.1111/j.1745-9125.2000.tb00911.x 
935 |a mkri 
951 |a AR 
ELC |b 1 
LOK |0 000 xxxxxcx a22 zn 4500 
LOK |0 001 3301374646 
LOK |0 003 DE-627 
LOK |0 004 1640079165 
LOK |0 005 20250623145310 
LOK |0 008 160208||||||||||||||||ger||||||| 
LOK |0 040   |a DE-21-110  |c DE-627  |d DE-21-110 
LOK |0 689   |a s  |a Selbstkontrolle 
LOK |0 689   |a s  |a Metaanalyse 
LOK |0 689   |a s  |a Längsschnittstudie 
LOK |0 852   |a DE-21-110 
LOK |0 852 1  |m p  |9 00 
LOK |0 935   |a k110 
LOK |0 938   |k p 
LOK |0 939   |a 08-02-16  |b l01 
ORI |a SA-MARC-krimdoka001.raw